| 000 | 01078nam a2200277 i 4500 | ||
|---|---|---|---|
| 001 | bg | ||
| 245 | 0 | 0 |
_aKonwersja termiczna energii promieniowania słonecznego w warunkach krajowych / _cred. Wiesław Gogół ; aut. oprac. cząstkowych J[erzy] Bogdanienko [et al.] ; Polska Akademia Nauk. Wydział IV Nauk Technicznych. Komitet Termodynamiki i Spalania. |
| 260 |
_aWarszawa : _bOficyna Wydawnicza Politechniki Warszawskiej, _c1993. |
||
| 300 |
_a116, [1] s. : _b1 mapa, rys., wykr. ; _c24 cm. |
||
| 490 | 1 | _aEkspertyza / Polska Akademia Nauk | |
| 504 | _aBibliogr. s. 115-[117]. | ||
| 650 | 9 |
_aEnergetyka słoneczna _xstosowanie |
|
| 650 | 9 |
_aOgrzewanie _xurządzenia |
|
| 650 | 9 |
_aPromieniowanie słoneczne _xzagadnienia |
|
| 650 | 9 |
_aRolnictwo _xurządzenia |
|
| 700 | 1 |
_aGOGÓŁ, Wiesław. _eRed. |
|
| 700 | 1 | _aBOGDANIENKO, Jerzy. | |
| 830 | 0 | _aEkspertyza (Polska Akademia Nauk) | |
| 020 | _a8386569026 | ||
| 040 | _cBPK | ||
| 041 | 0 | _apl | |
| 080 | _a620.9:697:551.52 | ||
| 920 | _a83-86569-02-6 | ||
| 942 | _cKS | ||
| 008 | s pl f |000 0 pol | ||
| 999 |
_c31458 _d31458 |
||
| 856 |
_uhttp://koha.tu.koszalin.pl/cgi-bin/koha/opac-detail.pl?biblionumber=31458 _yKatalog online BPK |
||